| 000 | 01663nab a2200265 a 4500 | ||
|---|---|---|---|
| 005 | 20250625113946.0 | ||
| 008 | 991125c2015 mx tr p o 000 0 spa d | ||
| 035 | _aUPN01000209641 | ||
| 040 |
_aMX-MxUPN _bspa _cMX-MxUPN _eaacr2 |
||
| 049 | _aART-E | ||
| 100 | 1 | _aLópez Villagrán, Gilberto | |
| 100 | 1 | _ugilbertovillagran@ yahoo.com.mx | |
| 245 | 1 | 3 | _aLa industria del table dance a partir del Tratado de Libre Comercio en México. Performance, cuerpo e institucionalismo escaso |
| 506 | 0 | _aAcceso abierto | |
| 520 | 3 | _aEl presente documento se deriva de una investigación cualitativa realizada tanto en México como en Estados Unidos. Se propone desnaturalizar la industria erótica del table dance en México y se considera el contexto del libre comercio y las expectativas que éste detonó. A partir de lo contextual, lo performativo y lo institucional, se analizan los contenidos conceptuales del cuerpo y de la pornotopia. Se ofrece también la categoría de poliperformatividad como un agregado de actos performativos con el propósito de entender la semiótica del table dance . El problema del estigma y mutismo sociales son discutidos y se advierte de la dificultad para construir ciudadanía por parte de este colectivo de trabajadores sexuales. | |
| 650 | 2 |
_aSexualidad _97977 |
|
| 650 | 2 |
_aMujeres _97160 |
|
| 653 | 0 | _aIndustria erótica | |
| 653 | 0 | _aEstigma social | |
| 773 |
_gVol. 12, no. 27 (2015), p. 279-304 _tAndamios : revista de investigación social _x2594-1917 |
||
| 856 | 4 | _uhttps://andamios.uacm.edu.mx/index.php/andamios/article/view/85 | |
| 902 | _aGloria Jiménez/230625 | ||
| 905 | _aArticulo | ||
| 942 | _cART-E | ||
| 999 |
_c181742 _d181742 |
||